Scrambled “C” Words - Statistics

General Stats
  • This quiz has been taken 74 times
    26 since last reset
  • The average score is 26 of 36
Answer Stats
Hint Answer % Correct
ngampaic campaign
100%
eusac cause
100%
aehgnc change
100%
eihfc chief
100%
lascs class
100%
lucod cloud | could
100%
onmmoc common
100%
onctyu county
100%
reuocs course
100%
ubicc cubic
100%
aecnhnl channel
94%
omymtnuic community
94%
pyoncma company
94%
curot court
94%
dlcierhn children
88%
hnmaairc chairman
81%
oncgim coming
81%
enoncrefce conference
81%
cnraiet certain
75%
lrocont control
75%
cartee create
69%
ertcnur current
69%
uerctny century
63%
hloddohci childhood
63%
egaietrtc cigarette
63%
mcetrpou computer
63%
fnodintce confident
63%
toecnpnom component
56%
ocneunti continue
56%
ltnoacimp complaint
44%
ilmruuuccr curriculum
44%
mihlacce chemical
31%
cuerbntito contribute
25%
ilmpoonect completion
19%
unucstooin continuous
19%
tvonnnieoc convention
19%
No matching quizzes found
Score Distribution
Percent of People with Each Score
Percentile by Number Answered
Your Score History
You have not taken this quiz since the last reset